|
|
|
|
| LEADER |
02479nam a22004457a 4500 |
| 001 |
35201 |
| 003 |
BD-DhAAL |
| 005 |
20211129111531.0 |
| 008 |
190902t2012 at a b 001|0 eng|d |
| 999 |
|
|
|c 40870
|d 40870
|
| 020 |
|
|
|a 9788131518748
|
| 020 |
|
|
|a 8131518744
|
| 040 |
|
|
|a BD-DhAAL
|
| 082 |
|
|
|a 332.6
|2 23
|
| 100 |
|
|
|a Reilly, Frank K.
|9 33811
|
| 240 |
|
|
|a Investment analysis and portfolio management
|
| 245 |
|
|
|a Analysis of investments & management of portfolios /
|c Frank K. Reilly, Keith C. Brown.
|
| 250 |
|
|
|a Tenth edition.
|
| 260 |
|
|
|a Australia :
|b South-Western Cengage Learning,
|c c2012
|
| 300 |
|
|
|a xxvi, 1022 pages :
|b illustrations (black and white, and colour) ;
|c 26 cm
|
| 500 |
|
|
|a Revised edition of: Investment analysis and portfolio management. Hinsdale, Illinois: Dryden Press, 1979.
|
| 500 |
|
|
|a "International edition"--Cover.
|
| 504 |
|
|
|a Includes bibliographical references and index.
|
| 526 |
|
|
|a BBS
|
| 541 |
|
|
|a Hye Trade International
|e 35201, 35202, 35203, 35204, 35205
|
| 650 |
|
|
|a Investments.
|9 33812
|
| 650 |
|
|
|a Portfolio management.
|9 33813
|
| 650 |
|
|
|a Investment management.
|9 33814
|
| 650 |
|
|
|a Investing.
|9 33815
|
| 650 |
|
|
|a Business & finance.
|9 43346
|
| 650 |
|
|
|a Investment management.
|9 33814
|
| 650 |
|
|
|a Portfolio.
|9 33816
|
| 700 |
|
|
|a Brown, Keith C.
|9 33817
|
| 852 |
|
|
|a Ayesha Abed Library
|c General Stacks
|
| 942 |
|
|
|2 ddc
|c BK
|
| 952 |
|
|
|0 0
|1 0
|2 ddc
|4 0
|6 332_600000000000000_REI
|7 0
|9 66032
|a BRACUL
|b BRACUL
|c GEN
|d 2019-08-21
|e Hye Trade International
|g 1166.00
|l 1
|m 2
|o 332.6 REI
|p 3010035201
|r 2022-04-04
|s 2021-06-27
|t 1
|v 1166.00
|w 2019-08-21
|y BK
|
| 952 |
|
|
|0 0
|1 0
|2 ddc
|4 0
|6 332_600000000000000_REI
|7 0
|9 66033
|a BRACUL
|b BRACUL
|c GEN
|d 2019-08-21
|e Hye Trade International
|g 1166.00
|l 1
|m 27
|o 332.6 REI
|p 3010035202
|r 2020-11-11
|s 2019-09-24
|t 2
|v 1166.00
|w 2019-08-21
|y BK
|
| 952 |
|
|
|0 0
|1 0
|2 ddc
|4 0
|6 332_600000000000000_REI
|7 0
|9 66034
|a BRACUL
|b BRACUL
|c GEN
|d 2019-08-21
|e Hye Trade International
|g 1166.00
|l 4
|m 31
|o 332.6 REI
|p 3010035203
|r 2026-03-28
|s 2025-09-17
|t 3
|v 1166.00
|w 2019-08-21
|y BK
|
| 952 |
|
|
|0 0
|1 0
|2 ddc
|4 0
|6 332_600000000000000_REI
|7 0
|9 66035
|a BRACUL
|b BRACUL
|c GEN
|d 2019-08-21
|e Hye Trade International
|g 1166.00
|l 3
|m 42
|o 332.6 REI
|p 3010035204
|q 2026-06-02
|r 2026-02-05
|s 2026-02-05
|t 4
|v 1166.00
|w 2019-08-21
|y BK
|
| 952 |
|
|
|0 0
|1 0
|2 ddc
|4 0
|6 332_600000000000000_REI
|7 0
|9 66036
|a BRACUL
|b BRACUL
|c GEN
|d 2019-08-21
|e Hye Trade International
|g 1166.00
|l 3
|m 37
|o 332.6 REI
|p 3010035205
|r 2023-04-06
|s 2023-02-13
|t 5
|v 1166.00
|w 2019-08-21
|y BK
|